| 000 | 00816nam a2200253 a 4500 | ||
|---|---|---|---|
| 001 | BRCA_2930 | ||
| 005 | 20190320204031.0 | ||
| 008 | 151208s1941----mx-a---###---#000-0#spa-u | ||
| 041 | _aspa | ||
| 044 | _amx | ||
| 050 | 4 |
_aF1226 _b.B73 1 _c1941 |
|
| 100 | 1 |
_aBravo Ugarte, José _98156 |
|
| 245 | 1 | 0 |
_aHistoria de México _cJosé Bravo Ugarte. |
| 260 |
_aMéxico _bJus _c1941 |
||
| 300 |
_a3 v. _bil. _c24 cm. |
||
| 500 | _aLa biblioteca cuenta con el v.1 y v.2 | ||
| 500 | _aVer también B58 (v.2) | ||
| 500 | _aB57 | ||
| 504 | _aIncluye referencias bibliográficas e índice | ||
| 505 | 0 | _aContenido: v.1. Elementos prehispánicos. -- v.2. La Nueva España. -- v.3. I. Independencia, caracterización política e integración social | |
| 651 | 4 |
_aMéxico _xHistoria _9614 |
|
| 902 | _aGFM | ||
| 942 |
_2lcc _cB |
||
| 999 |
_c2669 _d2669 |
||